Naruto- Participants aux préliminaires de la finale de l'examen chunin - Statistiques

Statistiques générales
  • Ce quiz a été pris 96 fois
  • Le résultat moyen est 16 sur 21
Statistiques - réponses
Ninjas qualifiés participants aux préliminaires avant la finale de l'examen chunin % Correct
Naruto Uzumaki
100%
Gaara
97%
Ino Yamanaka
97%
Sasuke Uchiwa
97%
Neji Hyuga
96%
Temari
96%
Sakura Haruno
95%
Shikamaru Nara
95%
Rock Lee
94%
Hinata Hyuga
92%
Tenten
91%
Choji Akimichi
90%
Kankuro
88%
Shino Aburame
88%
Kiba Inuzuka
87%
Kabuto Yakushi
64%
Kin Tsuchi
31%
Zaku Abumi
29%
Dosu Kinuta
28%
Yoroi Akado
21%
Misumi Tsurugi
5%
Aucun quiz correspondant
Distribution des résultats
% des personnes avec chaque résultat
Percentile par nombre de réponses
Votre historique - résultats
Vous n’avez pas pris ce quiz